An artist of the floating world

Đã lưu trong:
Sonraí Bibleagrafaíochta
Príomhúdar: Ishiguro, Kazuo
Formáid: Leabhar
Teanga:Undetermined
Foilsithe: London Faber and Faber 1986
Ábhair:
Clibeanna: Cuir Clib Leis
Gan Chlibeanna, Bí ar an gcéad duine leis an taifead seo a chlibeáil!
Thư viện lưu trữ: Trung tâm Học liệu Trường Đại học Cần Thơ
LEADER 00496nam a2200181Ia 4500
001 CTU_237620
008 210402s9999 xx 000 0 und d
082 |a 823.914 
082 |b I.79 
100 |a Ishiguro, Kazuo 
245 3 |a An artist of the floating world 
245 0 |c Kazuo Ishiguro 
260 |a London 
260 |b Faber and Faber 
260 |c 1986 
650 |a Cha và con gái,Fathers and daughters 
910 |b nthai 
980 |a Trung tâm Học liệu Trường Đại học Cần Thơ